000 00993cam a22003131 4500
001 agr55000002
003 DLC
005 20260227111017.0
008 730503s1949 dcuabc b f001 0 eng c
010 _aagr55000002
035 _a(OCoLC)615800
040 _aU.S. Dept. of Agr. Libr.
_cOKentU
_dOCoLC
_dOUrC
_dDNAL
_dFSP
_dOCoLC
_dUU
_dDLC
042 _apremarc
050 0 0 _aS21
_b.A35 1949
070 0 _a1
_bAg84Y 1949
072 0 _aF700
_aK100
082 _a634.90973
086 0 _aA 1.10:949
110 1 _aUnited States.
_bDepartment of Agriculture.
245 1 0 _aTrees.
260 _aWashington,
_bU.S. Govt. Print. Off.
_c[1949]
300 _axiv, 944 p.
_billus., port., maps.
_c24 cm.
490 1 _aIts Yearbook of agriculture,
_v1949
504 _a"For further reference": p. 901-910.
500 _aIncludes index.
650 0 _aTrees
_zUnited States.
650 0 _aForests and forestry
_zUnited States.
830 0 _aYearbook of agriculture (Washington, D.C. : 1926) ;
_v1949.
999 _c11529
_d11529